ELEMENTS OF PHARMACOLOGY (Record no. 259)
[ view plain ]
| 000 -LEADER | |
|---|---|
| fixed length control field | 00287nam a2200133Ia 4500 |
| 082 ## - DEWEY DECIMAL CLASSIFICATION NUMBER | |
| Classification number | 615 |
| Item number | E09G |
| 100 ## - MAIN ENTRY--PERSONAL NAME | |
| Personal name | GOYAL, R.K. |
| 245 ## - TITLE STATEMENT | |
| Title | ELEMENTS OF PHARMACOLOGY |
| 250 ## - EDITION STATEMENT | |
| Edition statement | 9TH |
| 260 ## - PUBLICATION, DISTRIBUTION, ETC. (IMPRINT) | |
| Name of publisher, distributor, etc | B.S. SHAH |
| Place of publication, distribution, etc | AHMEDABAD |
| Year of Publication | 2009 |
| 300 ## - PAGE DESCRIPTION | |
| No. of Pages | 1-682 |
| 650 ## - SUBJECT ADDED ENTRY--TOPICAL TERM | |
| Topical term or geographic name as entry element | PHARMACOLOGY |
| 942 ## - ADDED ENTRY ELEMENTS (KOHA) | |
| Source of classification or shelving scheme | Dewey Decimal Classification |
| Koha item type | Books |
| 942 ## - ADDED ENTRY ELEMENTS (KOHA) | |
| -- | 2 |
| Withdrawn status | Lost status | Source of classification or shelving scheme | Damaged status | Not for loan | Collection code | Home library | Current library | Shelving location | Date acquired | Vendor Name | Cost, normal purchase price | SGTU | Bill Number | Total Checkouts | Full call number | Accession No. (Barcode) | Date last seen | Bill Date | Koha item type | Date last borrowed |
|---|---|---|---|---|---|---|---|---|---|---|---|---|---|---|---|---|---|---|---|---|
| Dewey Decimal Classification | MEDICAL | SGT Medical Library | SGT Medical Library | Text Book | 12/02/2010 | U.B.S. DELHI | 260.00 | SGTU | 950 | 615 E09G | FM1249 | 09/02/2015 | 14/03/2011 | Books | ||||||
| Dewey Decimal Classification | MEDICAL | SGT Medical Library | SGT Medical Library | Text Book | 12/02/2010 | U.B.S. DELHI | 260.00 | SGTU | 950 | 6 | 615 E09G | FM1250 | 17/05/2024 | 14/03/2011 | Books | 08/05/2024 |